<?xml version="1.0" encoding="UTF-8"?>
<record
    xmlns:xsi="http://www.w3.org/2001/XMLSchema-instance"
    xsi:schemaLocation="http://www.loc.gov/MARC21/slim http://www.loc.gov/standards/marcxml/schema/MARC21slim.xsd"
    xmlns="http://www.loc.gov/MARC21/slim">

  <leader>01462nam a22002417a 4500</leader>
  <controlfield tag="001">9629</controlfield>
  <controlfield tag="003">FISKH</controlfield>
  <controlfield tag="005">20260126161042.0</controlfield>
  <controlfield tag="008">260126b        cb ||||| |||| 00| 0 eng d</controlfield>
  <datafield tag="020" ind1=" " ind2=" ">
    <subfield code="a">9781250169440</subfield>
  </datafield>
  <datafield tag="040" ind1=" " ind2=" ">
    <subfield code="a">FISKH</subfield>
    <subfield code="b">eng</subfield>
    <subfield code="c">FISKH</subfield>
    <subfield code="d">FISKH</subfield>
  </datafield>
  <datafield tag="050" ind1=" " ind2=" ">
    <subfield code="a">PS3601 .C525 .C35</subfield>
  </datafield>
  <datafield tag="082" ind1=" " ind2=" ">
    <subfield code="a">813.6 </subfield>
  </datafield>
  <datafield tag="100" ind1=" " ind2=" ">
    <subfield code="a">Aciman, Andr&#xE9; </subfield>
  </datafield>
  <datafield tag="245" ind1=" " ind2=" ">
    <subfield code="a">Call me by your name /</subfield>
    <subfield code="c">A Novel By Andre Aciman ; A film by Luca Guadagnino </subfield>
  </datafield>
  <datafield tag="250" ind1=" " ind2=" ">
    <subfield code="a">This edition published in 2017 </subfield>
  </datafield>
  <datafield tag="260" ind1=" " ind2=" ">
    <subfield code="a">New York : </subfield>
    <subfield code="b">Picador, </subfield>
    <subfield code="c">2007 </subfield>
  </datafield>
  <datafield tag="300" ind1=" " ind2=" ">
    <subfield code="a">248 pages :</subfield>
    <subfield code="c">21 cm </subfield>
  </datafield>
  <datafield tag="520" ind1=" " ind2=" ">
    <subfield code="a">Call Me by Your Name is the story of a sudden and powerful romance that blossoms between an adolescent boy and a summer guest at his parents' house, a cliff-side mansion on the Italian Riviera. Unprepared for the consequences of their attraction, at first each feigns indifference to the other. But during the warm, languorous summer weeks that follow, unrelenting buried currents of obsession and fear, fascination and desire, intensify their passion as they test the charged ground between them. What grows from the depths of their spirits is a romance of scarcely six weeks duration and an experience that marks them for a lifetime. For what the two discover on the Riviera and on a sultry evening in Rome is the one thing both already fear they may never truly find again: total intimacy. </subfield>
  </datafield>
  <datafield tag="650" ind1=" " ind2=" ">
    <subfield code="a">Romance</subfield>
    <subfield code="v">American literature</subfield>
    <subfield code="x">LGBTQ</subfield>
  </datafield>
  <datafield tag="942" ind1=" " ind2=" ">
    <subfield code="2">ddc</subfield>
    <subfield code="c">BK</subfield>
    <subfield code="n">0</subfield>
  </datafield>
  <datafield tag="999" ind1=" " ind2=" ">
    <subfield code="c">9629</subfield>
    <subfield code="d">9629</subfield>
  </datafield>
  <datafield tag="952" ind1=" " ind2=" ">
    <subfield code="0">0</subfield>
    <subfield code="1">0</subfield>
    <subfield code="2">ddc</subfield>
    <subfield code="4">0</subfield>
    <subfield code="7">0</subfield>
    <subfield code="8">FIC</subfield>
    <subfield code="a">001</subfield>
    <subfield code="b">001</subfield>
    <subfield code="c">ATKSF</subfield>
    <subfield code="d">2026-01-26</subfield>
    <subfield code="l">0</subfield>
    <subfield code="o">ACI 813.6  PS3601 .C525 .C35 </subfield>
    <subfield code="p">2026-0145</subfield>
    <subfield code="r">2026-01-26 16:10:40</subfield>
    <subfield code="t">1</subfield>
    <subfield code="w">2026-01-26</subfield>
    <subfield code="y">BK</subfield>
  </datafield>
</record>
